25 Największych Miast w Państwach Słowiańskich (Bez Rosji) - Statystyki

Ogólne statystyki
  • Ten quiz został rozwiązany 50 razy
    45 od ostatniego zresetowania
  • Średni wynik to 22 z 25
Odpowiedzi na mapie
Odpowiedzi zakodowano w zielono-czerwonej skali na mapie do tego quizu, zgodnie z poniższymi procentami.
 
Statystyki odpowiedzi
Państwo Miasto Populacja % Poprawnych
Polska Gdańsk 490k
100%
Ukraina Kijów 2,9 mln
100%
Polska Kraków 810k
100%
Polska Łódź 650k
100%
Ukraina Lwów 710k
100%
Białoruś Mińsk 2 mln
100%
Czechy Praga 1,4 mln
100%
Polska Warszawa 1,7 mln
100%
Polska Wrocław 670k
100%
Serbia Belgrad 1,2 mln
98%
Słowacja Bratysława 480k
98%
Ukraina Donieck 900k
98%
Polska Poznań 540k
98%
Bułgaria Sofia 1,2 mln
98%
Chorwacja Zagrzeb 660k
98%
Ukraina Charków 1,42 mln
95%
Macedonia Północna Skopje 420k
95%
Ukraina Odessa 1 mln
90%
Ukraina Dniepr 970k
76%
Ukraina Sewastopol 485k
73%
Białoruś Homel 500k
66%
Ukraina Mariupol 425k
59%
Ukraina Zaporoże 710k
54%
Ukraina Krzywy Róg 600k
46%
Ukraina Mikołajów 470k
44%
Nie znaleziono quizów pasujących do podanych kryteriów
Rozkład punktacji
Procent ludzi z każdym wynikiem
Percentyl według liczby udzielonych odpowiedzi
Twoja historia wyników
Nie rozwiązałeś tego quizu od ostatniego zresetowania